000 00313nam a2200109Ia 4500
008 220204s9999 xx 000 0 und d
082 _a66.06(035)
_bSCH
245 0 _aHandbook of separation techniques for chemical engineers
260 _aNew York
_bMcGraw Hill
_c1979
700 _aSchweitzer, Philip A
942 _cBK
999 _c35352
_d35352